000 00622nam a2200193 u 4500
005 20240228063945.0
008 080723s2004 es r 000 0 spa d
020 _a8495722518
035 _aUPN01000157960
049 _aI
050 4 _aPZ71
_bM8.8
100 1 _aMuñoz Puelles, Vicente,
_d1948-
_932146
245 1 3 _aEl sueño del libro /
_cVicente Muñoz Puelles ; il. Noemí Villamuza.
260 _aAlzira, Esp. :
_bAlgar,
_c2004.
300 _a22 p. :
_bprincipalmente il. col.
440 0 _aLetra mágica ;
_v10.
_pEn manuscrita y en mayúscula
650 4 _aLibros y lectura para niños
_92290
905 _aInfantil
999 _c130074
_d130074